000 00463nam a2200181Ia 4500
001 17877
005 20260306171549.0
008 260306s9999||||xx |||||||||||||| ||und||
041 _aESP
082 _a658.3
_bCH548 2007
100 _aChiavenato, Idalberto
_eAUT
245 0 _aAdministración de recursos humanos:
_bel capital humano de las organizaciones
260 _c2007
300 _a
_c
650 _aGEN
654 _aCAN
942 _cLIB
_dJUS
_fJUS
_2ddc
_n
999 _c17877
_d17877